Častá úskalí smluvních vztahů v marketingu
Modelové situácie, ktoré môžu priniesť bezsenné noci a spôsoby, ako sa im vyvarovať. Problém úverovania zákazníkov a ich platobná neschopnosť. Zachovanie mlčanlivosti. Preťahovanie klientov či zamestnancov. Rámcová zmluva a dielčie objednávky. Zodpovednosť za právnu prípustnosť reklamy. Porušovanie...
Enregistré dans:
| Auteur principal: | |
|---|---|
| Format: | Chapitre de livre |
| Langue: | tchèque |
| Sujets: | |
| Tags: |
Pas de tags, Soyez le premier à ajouter un tag!
|
MARC
| LEADER | 00000naa$a2200000$$$4500 | ||
|---|---|---|---|
| 001 | 0100696 | ||
| 005 | 20231019093925.6 | ||
| 041 | 0 | |a cze | |
| 044 | |a CZ | ||
| 245 | 1 | 0 | |a Častá úskalí smluvních vztahů v marketingu |c Karla Chlumská |
| 520 | |a Modelové situácie, ktoré môžu priniesť bezsenné noci a spôsoby, ako sa im vyvarovať. Problém úverovania zákazníkov a ich platobná neschopnosť. Zachovanie mlčanlivosti. Preťahovanie klientov či zamestnancov. Rámcová zmluva a dielčie objednávky. Zodpovednosť za právnu prípustnosť reklamy. Porušovanie autorských práv pri výberových konaniach. | ||
| 610 | 2 | 0 | |a marketing |
| 610 | 2 | 0 | |a spolupráca podnikov |
| 610 | 2 | 0 | |a agentúry |
| 610 | 2 | 0 | |a firmy |
| 610 | 2 | 0 | |a vzťahy zmluvné |
| 610 | 2 | 0 | |a reklama |
| 610 | 2 | 0 | |a legislatíva |
| 610 | 2 | 0 | |a diela autorské |
| 100 | 1 | |a Chlumská, Karla | |